000
00319nam a2200121 a 4500
005
20140414131920.0
008
101022s19uu xx 00 eng d
050
_a
ER
_b
P93 1993
245
_a
The princess and the pea.
260
_a
Leicestershire, UK :
_b
Ladybird,
_c
1993.
440
_a
Favourite tales
999
_c
111694
_d
111694